|
|
|
|
| LEADER |
00000cam a2200000 4500 |
| 001 |
vtls012019961 |
| 003 |
SK-MaSNL |
| 005 |
20260310172200.0 |
| 008 |
230501s2021 xr a bref 000 0 slo |
| 015 |
|
|
|a SNBZSA2022/08
|
| 020 |
|
|
|a 9788000059976
|q (viazané)
|
| 035 |
|
|
|a urn:nbn:sk:snk-am00ic7p
|
| 035 |
|
|
|a 49C3E95A-D304-45A9-B3A6-0F6380B42772
|
| 040 |
|
|
|a SNK
|b slo
|c SNK
|e rda
|
| 041 |
1 |
|
|a slo
|h cze
|
| 044 |
|
|
|a xr
|c CZ
|
| 072 |
|
7 |
|a 59
|x Zoológia
|2 konspekt
|
| 072 |
|
7 |
|a 0/9-053.2
|x Literatúra pre deti a mládež (náučná)
|2 konspekt
|
| 080 |
|
|
|a 59
|2 2011
|
| 080 |
|
|
|a 592/599
|2 2011
|
| 080 |
|
|
|a 088
|2 2011
|
| 080 |
|
|
|a (0.053.2)
|2 2011
|
| 080 |
|
|
|a (035)
|2 2011
|
| 080 |
|
|
|a (0.062)
|2 2011
|
| 080 |
|
|
|a (031)
|2 2011
|
| 100 |
1 |
|
|a Růžička, Oldřich
|4 aut
|9 73551
|
| 245 |
1 |
|
|a Rekordy zo sveta zvierat
|c Oldřich Růžička & Tomáš Pernický
|
| 250 |
|
|
|a Prvé vydanie
|
| 264 |
|
1 |
|a Praha
|b Albatros Media a.s.
|b B4U Publishing
|c 2021
|
| 300 |
|
|
|a 32 strán
|b farebné ilustrácie
|c 32 cm
|
| 336 |
|
|
|a text
|b txt
|2 rdacontent
|
| 336 |
|
|
|a statický obraz
|b sti
|2 rdacontent
|
| 337 |
|
|
|a bez média
|b n
|2 rdamedia
|
| 338 |
|
|
|a zväzok
|b nc
|2 rdacarrier
|
| 500 |
|
|
|a Pre nakladateľstvo Albatros Media a.s. pripravilo nakladateľstvo B4U Publishing
|
| 500 |
|
|
|a Preložené pravdepodobne z češtiny
|
| 500 |
|
|
|a Názov z obálky
|
| 521 |
8 |
|
|a Pre čitateľov od 6 rokov
|
| 650 |
0 |
7 |
|a zoológia
|2 SNKPH
|9 699
|
| 650 |
0 |
7 |
|a zvieratá
|2 SNKPH
|9 1091
|
| 650 |
0 |
7 |
|a kuriozity, rekordy a zaujímavosti
|2 SNKPH
|9 3788
|
| 650 |
0 |
7 |
|a Zoology
|2 SNKPHeng
|9 266278
|
| 650 |
0 |
7 |
|a Animals
|2 SNKPHeng
|9 267568
|
| 650 |
0 |
7 |
|a Curiosities, records and wonders
|2 SNKPHeng
|9 303331
|
| 655 |
|
7 |
|a publikácie pre deti
|2 SNKPH
|9 70148
|
| 655 |
|
7 |
|a príručky
|2 SNKPH
|9 74364
|
| 655 |
|
7 |
|a Publications for children
|2 SNKPHeng
|9 276792
|
| 655 |
|
7 |
|a Handbooks, manuals, etc.
|2 SNKPHeng
|9 90964
|
| 655 |
|
7 |
|a populárno-náučné publikácie
|2 SNKPH
|9 70460
|
| 655 |
|
7 |
|a Popular works
|2 SNKPHeng
|9 90287
|
| 655 |
|
7 |
|a encyklopédie
|2 SNKPH
|9 28776
|
| 655 |
|
7 |
|a Encyclopedias
|2 SNKPHeng
|9 90422
|
| 700 |
1 |
|
|a Pernický, Tomáš
|4 ill
|9 165868
|
| 700 |
1 |
|
|a Haraštová, Mária
|c (prekladateľka)
|4 trl
|9 125985
|
| 852 |
|
|
|a Slovenská národná knižnica
|
| 919 |
|
|
|a 978-80-00-05997-6
|
| 954 |
|
|
|a odborná, vedecká literatúra cudzojazyčná (svetová)
|2 lita
|
| 958 |
|
|
|a DB
|
| 958 |
|
|
|a UP
|
| 958 |
|
|
|a ZS
|
| 968 |
|
|
|b ČES
|
| 999 |
|
|
|c 697549
|d 699479
|
| 952 |
|
|
|a SNK
|b SNK
|y PREZ
|7 0
|p 17A1458064
|o snkSB 97520
|i snk2021/15528
|8 1
|0 0
|1 0
|4 0
|d 2021-10-13
|f 1
|l 0
|r 2026-02-23 20:46:53
|w 2026-02-23
|
| 952 |
|
|
|a SNK
|b SNK
|y VYP
|7 0
|p 17A1458116
|o snkSB 97520 D1
|i snk2021/15717
|8 1
|0 0
|1 0
|4 0
|d 2021-10-15
|l 0
|r 2026-02-23 20:46:53
|w 2026-02-23
|